[Event "Rio de Janeiro op"]
[Site "Rio de Janeiro"]
[Date "2022.04.21"]
[Round "1"]
[White "Bottari, Raimondo"]
[Black "Corecha Rosa, Arthur Lima C"]
[Result "1-0"]
[WhiteElo "2112"]
[BlackElo "1414"]
[PlyCount "55"]
[EventDate "2022.04.21"]
[EventType "swiss"]
[EventRounds "6"]
[EventCountry "BRA"]
[SourceTitle "CBM 207 Extra"]
[Source "ChessBase"]
[SourceDate "2022.05.31"]
[SourceVersion "1"]
[SourceVersionDate "2022.05.31"]
[SourceQuality "1"]

1. c4 Nf6 2. g3 g6 3. Bg2 Bg7 4. Nc3 d6 5. e3 0-0 6. Nge2 Nbd7 7. 0-0 e5 8. Rb1 Rb8 9. b4 b6 10. Qa4 a6 11. d4 Ne8 12. Ba3 f5 13. c5 e4 14. Nf4 Ndf6 15. Qb3+ Kh8 16. cxb6 Rxb6 17. h4 c5 18. dxc5 dxc5 19. Na4 Rb8 20. Nxc5 Qb6 21. Nfe6 Bxe6 22. Nxe6 Rg8 23. Nxg7 Nxg7 24. Rfd1 Ng4 25. Bb2 Rgd8 26. Qf7 Rg8 27. Rd7 Nh6 28. Bxg7+ 1-0

[Event "Rio de Janeiro Primavera op"]
[Site "Rio de Janeiro"]
[Date "2015.11.14"]
[Round "3"]
[White "Guimaraes, Wagner Peixoto"]
[Black "Bottari, Raimondo"]
[Result "1-0"]
[WhiteElo "2221"]
[BlackElo "2129"]
[PlyCount "49"]
[EventDate "2015.11.07"]
[EventType "swiss"]
[EventRounds "6"]
[EventCountry "BRA"]
[SourceTitle "CBM 169 Extra"]
[Source "ChessBase"]
[SourceDate "2015.12.18"]
[SourceVersion "1"]
[SourceVersionDate "2015.12.18"]
[SourceQuality "1"]

1. e4 c5 2. Nf3 Nc6 3. d4 cxd4 4. Nxd4 e6 5. Nc3 a6 6. Nxc6 bxc6 7. Bd3 Nf6 8. 0-0 d5 9. Qe2 Be7 10. Kh1 Bb7 11. f4 Qc7 12. b3 Nd7 13. Bb2 h5 14. Na4 Bf6 15. Bxf6 gxf6 16. Rae1 Kf8 17. Qf2 c5 18. exd5 Bxd5 19. Be4 Bxe4 20. Rxe4 Rb8 21. Rd1 Ke7 22. Nc3 Nb6 23. f5 Rbd8 24. Ree1 e5 25. Qh4 1-0

[Event "Rio de Janeiro Fexerj"]
[Site "Rio de Janeiro"]
[Date "2014.09.21"]
[Round "9"]
[White "Bottari, Raimondo"]
[Black "Della Morte, German"]
[Result "0-1"]
[WhiteElo "2138"]
[BlackElo "2368"]
[PlyCount "112"]
[EventDate "2014.09.13"]
[EventType "tourn"]
[EventRounds "9"]
[EventCountry "BRA"]
[EventCategory "1"]
[SourceTitle "CBM 162 Extra"]
[Source "ChessBase"]
[SourceDate "2014.10.17"]
[SourceVersion "1"]
[SourceVersionDate "2014.10.17"]
[SourceQuality "1"]

1. d4 Nf6 2. c4 g6 3. Nc3 Bg7 4. Nf3 d6 5. Bf4 0-0 6. e3 c6 7. h3 a6 8. Be2 b5 9. a3 Nbd7 10. 0-0 Qb6 11. b4 bxc4 12. Bxc4 a5 13. Qb3 Ba6 14. Bxa6 Qxa6 15. b5 cxb5 16. Qxb5 Qxb5 17. Nxb5 Rab8 18. Na7 Nd5 19. Rfc1 a4 20. Bg3 f5 21. Nc6 Rb3 22. Nd2 Rb7 23. Rab1 Rxb1 24. Rxb1 Rc8 25. Na5 N7b6 26. Rb5 Rc2 27. Nb1 Rc1+ 28. Kh2 g5 29. Nd2 f4 30. exf4 gxf4 31. Bh4 Bxd4 32. Nac4 Nxc4 33. Nxc4 Bc5 34. Nd2 Kf7 35. Ra5 Nc3 36. Nc4 Ra1 37. Ra6 h6 38. g4 Ke6 39. Kg2 Ra2 40. Kf3 Kd5 41. Nb6+ Bxb6 42. Rxb6 e5 43. Be7 Ne4 44. Rb5+ Kc6 45. Rb4 Nd2+ 46. Ke2 Nc4+ 47. Kf3 Rxa3+ 48. Ke4 Nd2+ 49. Kf5 Kc5 50. Rb8 Rxh3 51. Bxd6+ Kxd6 52. Rd8+ Kc5 53. Rxd2 f3 54. Kxe5 a3 55. Rc2+ Kb4 56. Kd4 Rh4 0-1

[Event "Rio de Janeiro Fexerj"]
[Site "Rio de Janeiro"]
[Date "2014.09.18"]
[Round "6"]
[White "Rodi, Luis Ernesto"]
[Black "Bottari, Raimondo"]
[Result "1-0"]
[WhiteElo "2359"]
[BlackElo "2138"]
[PlyCount "65"]
[EventDate "2014.09.13"]
[EventType "tourn"]
[EventRounds "9"]
[EventCountry "BRA"]
[EventCategory "1"]
[SourceTitle "CBM 162 Extra"]
[Source "ChessBase"]
[SourceDate "2014.10.17"]
[SourceVersion "1"]
[SourceVersionDate "2014.10.17"]
[SourceQuality "1"]

1. e4 c5 2. Nc3 e6 3. Nf3 a6 4. d4 cxd4 5. Nxd4 b5 6. g3 Bb7 7. Bg2 Nf6 8. 0-0 d6 9. Re1 Qc7 10. a4 b4 11. Nd5 exd5 12. exd5+ Kd8 13. Bg5 Nbd7 14. Qe2 Qb6 15. Nc6+ Kc7 16. a5 Qb5 17. Qd2 Bxc6 18. dxc6 Ne5 19. Qf4 Ng6 20. Qe3 Be7 21. Qxe7+ Nxe7 22. Rxe7+ Kd8 23. Bxf6 gxf6 24. Rae1 Qxa5 25. c7+ Kc8 26. Bxa8 Rf8 27. Bf3 f5 28. Rd1 Qc5 29. Rd5 Qxc2 30. Kg2 Qa4 31. Rxf5 Re8 32. Rfxf7 Rxe7 33. Rxe7 1-0

[Event "Rio de Janeiro Estadual-ch"]
[Site "Rio de Janeiro"]
[Date "2014.05.03"]
[Round "3"]
[White "Soares, Joao Carlos TC"]
[Black "Bottari, Raimondo"]
[Result "0-1"]
[WhiteElo "1760"]
[BlackElo "2163"]
[PlyCount "60"]
[EventDate "2014.05.01"]
[EventType "swiss"]
[EventRounds "6"]
[EventCountry "BRA"]
[SourceTitle "CBM 160 Extra"]
[Source "ChessBase"]
[SourceDate "2014.07.01"]
[SourceVersion "1"]
[SourceVersionDate "2014.07.01"]
[SourceQuality "1"]

1. e4 c5 2. Nf3 Nf6 3. Nc3 d5 4. exd5 Nxd5 5. Bb5+ Bd7 6. Bxd7+ Qxd7 7. Nxd5 Qxd5 8. 0-0 Nc6 9. d3 e5 10. Qe2 Be7 11. Re1 f6 12. Qe4 0-0-0 13. Qxd5 Rxd5 14. Nh4 Nd4 15. c4 Rd7 16. Rd1 g5 17. Nf3 Nxf3+ 18. gxf3 Rhd8 19. Be3 f5 20. b4 cxb4 21. Bxa7 Rxd3 22. Rxd3 Rxd3 23. Kg2 Ra3 24. Be3 b3 25. Bc1 Rxa2 26. Rxa2 bxa2 27. Bb2 Bd6 28. h4 gxh4 29. Kh3 Be7 30. Bxe5 Kd7 0-1

[Event "Rio de Janeiro Ferreira Memorial"]
[Site "Rio de Janeiro"]
[Date "2010.10.30"]
[Round "4.1"]
[White "Bottari, Raimondo"]
[Black "Rodi, Luis Ernesto"]
[Result "0-1"]
[WhiteElo "2180"]
[BlackElo "2320"]
[PlyCount "94"]
[EventDate "2010.10.02"]
[EventType "swiss"]
[EventRounds "7"]
[EventCountry "BRA"]
[SourceTitle "EXT 2022"]
[Source "ChessBase"]
[SourceDate "2021.10.06"]
[SourceVersion "1"]
[SourceVersionDate "2021.10.06"]
[SourceQuality "1"]

1. Nf3 d5 2. g3 c5 3. Bg2 Nc6 4. 0-0 e6 5. d3 Bd6 6. Nbd2 Nge7 7. e4 0-0 8. exd5 Nxd5 9. Nc4 Be7 10. Re1 Qc7 11. a4 Bf6 12. Bg5 b6 13. Bxf6 Nxf6 14. Nfe5 Bb7 15. Nxc6 Bxc6 16. Bxc6 Qxc6 17. Qe2 Rad8 18. Ne5 Qd5 19. Ng4 Ne8 20. Qe5 Qd4 21. Re4 Qxe5 22. Rxe5 Rd4 23. Ne3 Nd6 24. b3 f6 25. Rh5 g6 26. Rh4 Rxh4 27. gxh4 Rd8 28. Re1 Kf7 29. Kg2 h5 30. f4 Nf5 31. Nxf5 gxf5 32. Kf3 Rg8 33. h3 Ke7 34. c3 Kd6 35. Rd1 e5 36. Re1 Kd5 37. Rd1 Rg7 38. Re1 a6 39. Ra1 Rg6 40. Rd1 Rg8 41. Ra1 e4+ 42. dxe4+ fxe4+ 43. Kf2 Ke6 44. Rd1 b5 45. axb5 axb5 46. Rd2 e3+ 47. Kxe3 Rg3+ 0-1

[Event "Rio de Janeiro Ferreira Memorial"]
[Site "Rio de Janeiro"]
[Date "2010.10.09"]
[Round "1.5"]
[White "Machado, Wallace Fernandes"]
[Black "Bottari, Raimondo"]
[Result "0-1"]
[WhiteElo "1902"]
[BlackElo "2180"]
[PlyCount "104"]
[EventDate "2010.10.02"]
[EventType "swiss"]
[EventRounds "7"]
[EventCountry "BRA"]
[SourceTitle "EXT 2022"]
[Source "ChessBase"]
[SourceDate "2021.10.06"]
[SourceVersion "1"]
[SourceVersionDate "2021.10.06"]
[SourceQuality "1"]

1. c4 g6 2. Nf3 Bg7 3. g3 Nf6 4. Bg2 0-0 5. 0-0 d6 6. Nc3 Nc6 7. d4 Bg4 8. h3 Bxf3 9. Bxf3 Nd7 10. e3 e5 11. d5 Ne7 12. e4 f5 13. Bg2 f4 14. g4 g5 15. f3 Ng6 16. Bd2 Rf7 17. Be1 Bf8 18. Rf2 Nf6 19. Re2 h5 20. Rc2 Qd7 21. b4 Rh7 22. a3 hxg4 23. fxg4 Be7 24. Qd3 Rf8 25. Qf3 Bd8 26. c5 c6 27. dxc6 Qxc6 28. cxd6 Bb6+ 29. Bf2 Qxd6 30. Rd1 Qc6 31. Bxb6 Qxb6+ 32. Kf1 Qa6+ 33. Qd3 Qxa3 34. Qc4+ Kh8 35. Ra2 b5 36. Rxa3 bxc4 37. Ra6 f3 38. Bxf3 Rxh3 39. Ke2 Nh4 40. Rh1 Rxf3 41. Rxh4+ gxh4 42. Kxf3 Nd5+ 43. Kg2 Nxc3 44. Rh6+ Kg7 45. Re6 Rf4 46. Kh3 Rxe4 47. Re7+ Kg6 48. Kxh4 Nd5 49. Rxa7 Nxb4 50. Rb7 c3 51. Rb6+ Kf7 52. Kg5 Rc4 0-1

[Event "Rio de Janeiro Lendas"]
[Site "Rio de Janeiro"]
[Date "2008.03.07"]
[Round "6"]
[White "Maia, Jose Eduardo Bastos"]
[Black "Bottari, Raimondo"]
[Result "1/2-1/2"]
[WhiteElo "2149"]
[BlackElo "2178"]
[PlyCount "104"]
[EventDate "2008.02.29"]
[EventType "tourn"]
[EventRounds "9"]
[EventCountry "BRA"]
[EventCategory "1"]
[SourceTitle "CBM 123 Extra"]
[Source "ChessBase"]
[SourceDate "2008.05.06"]
[SourceVersion "1"]
[SourceVersionDate "2008.05.06"]
[SourceQuality "1"]

1. d4 Nf6 2. Nf3 g6 3. c4 Bg7 4. Nc3 d6 5. e4 Bg4 6. Be2 Nfd7 7. 0-0 0-0 8. Be3 Nc6 9. h3 Bxf3 10. Bxf3 e5 11. d5 Nd4 12. Be2 c5 13. Bd3 f5 14. f4 exf4 15. Bxf4 Ne5 16. exf5 Nxf5 17. Bxe5 Bxe5 18. Bxf5 Rxf5 19. Rxf5 gxf5 20. Qh5 Qf6 21. Rf1 Rf8 22. Kh1 Bxc3 23. bxc3 Qg6 24. Qf3 Re8 25. Kh2 Kg7 26. Qd3 f4 27. Qxg6+ hxg6 28. Rxf4 Re2 29. Kg3 Rxa2 30. Re4 Kf7 31. Re6 Rc2 32. Rxd6 Rxc3+ 33. Kf4 Rxc4+ 34. Kg5 Re4 35. Rd7+ Re7 36. Rd8 c4 37. Kf4 Re8 38. Rd7+ Re7 39. Rd8 Rc7 40. d6 Rc5 41. Rd7+ Ke6 42. Rxb7 Kxd6 43. Rxa7 c3 44. Ra1 c2 45. Rc1 Rc3 46. g4 Kd5 47. h4 Kd4 48. h5 gxh5 49. gxh5 Kd3 50. h6 Kd2 51. Rxc2+ Kxc2 52. Kg5 Rc5+ 1/2-1/2

[Event "Rio de Janeiro Lendas"]
[Site "Rio de Janeiro"]
[Date "2008.03.02"]
[Round "4"]
[White "Teixeira, Ricardo da Silva"]
[Black "Bottari, Raimondo"]
[Result "1-0"]
[WhiteElo "2394"]
[BlackElo "2178"]
[PlyCount "77"]
[EventDate "2008.02.29"]
[EventType "tourn"]
[EventRounds "9"]
[EventCountry "BRA"]
[EventCategory "1"]
[SourceTitle "CBM 123 Extra"]
[Source "ChessBase"]
[SourceDate "2008.05.06"]
[SourceVersion "1"]
[SourceVersionDate "2008.05.06"]
[SourceQuality "1"]

1. c4 e5 2. Nc3 Nf6 3. Nf3 d6 4. d4 exd4 5. Nxd4 d5 6. Bg5 dxc4 7. e3 Be7 8. Bxc4 0-0 9. 0-0 a6 10. Qf3 Nbd7 11. Bb3 Ne5 12. Qg3 Ng6 13. Bxf6 Bxf6 14. Rad1 Bh4 15. Qf3 Qf6 16. Ne4 Qxf3 17. Nxf3 Be7 18. Rc1 Bd7 19. Rxc7 Bc6 20. Neg5 h6 21. Nxf7 Rxf7 22. Nd4 Kf8 23. Nxc6 bxc6 24. Bxf7 Kxf7 25. Rxc6 Ne5 26. Rc2 Rb8 27. Rd1 Rb6 28. Kf1 Bf6 29. Ke2 Ke6 30. b3 Nc6 31. Rdd2 Nb4 32. Rc4 Nd5 33. f4 Rb5 34. Rc6+ Kf5 35. Rxa6 Bc3 36. Kf3 Nf6 37. Rc2 Bb4 38. e4+ Kg6 39. e5 1-0